Professional SlickEdit

Enregistré dans:
Détails bibliographiques
Auteur principal: Hurst, John
Format: Livre
Langue:Undetermined
Publié: Indianapolis, Ind.,Chichester Wrox,John Wiley [distributor] 2008
Sujets:
Tags: Ajouter un tag
Pas de tags, Soyez le premier à ajouter un tag!
Thư viện lưu trữ: Trung tâm Học liệu Trường Đại học Cần Thơ
LEADER 00626nam a2200193Ia 4500
001 CTU_184340
008 210402s9999 xx 000 0 und d
082 |a 005.133 
082 |b H959 
100 |a Hurst, John 
245 0 |a Professional SlickEdit 
245 0 |c John Hurst. 
260 |a Indianapolis, Ind.,Chichester 
260 |b Wrox,John Wiley [distributor] 
260 |c 2008 
650 |a SlickEdit (Computer file),Text editors (Computer programs),Text editors (Computer software),Biên tập văn bản 
650 |x Sears,Sears 
910 |a Nguyên 
980 |a Trung tâm Học liệu Trường Đại học Cần Thơ